Your guide to pre-schools in Metro Manila. (Record no. 114452)
[ view plain ]
| 000 -LEADER | |
|---|---|
| fixed length control field | 00327nam a2200121 a 4500 |
| 005 - DATE AND TIME OF LATEST TRANSACTION | |
| control field | 20140414132101.0 |
| 008 - FIXED-LENGTH DATA ELEMENTS--GENERAL INFORMATION | |
| fixed length control field | 100703s19uu xx 00 eng d |
| 050 ## - LIBRARY OF CONGRESS CALL NUMBER | |
| Classification number | TR 371 |
| Item number | DE 2001 |
| 100 ## - MAIN ENTRY--PERSONAL NAME | |
| Personal name | de Ocampo, Maricar |
| 245 ## - TITLE STATEMENT | |
| Title | Your guide to pre-schools in Metro Manila. |
| 260 ## - PUBLICATION, DISTRIBUTION, ETC. (IMPRINT) | |
| Place of publication, distribution, etc | Manila : |
| Name of publisher, distributor, etc | Anvil, |
| Date of publication, distribution, etc | 2001. |
| Withdrawn status | Lost status | Damaged status | Home library | Current library | Shelving location | Date acquired | Source of acquisition | Total Checkouts | Full call number | Barcode | Date last seen | Price effective from | Koha item type |
|---|---|---|---|---|---|---|---|---|---|---|---|---|---|
| Munich Library | Munich Library | Teachers Reference Section | 07/03/2010 | TR 371 DE 2001 | M6286 | 04/14/2014 | 04/14/2014 | Books |